00406nam a2200121Ia 4500008004100000050002200041245008400063260004000147300001600187650003200203980003200235999001700267151021s9999 xx 000 0 und d aHC 865 .K47 2013  a_Bungoma County Development Profile/ Kenya Ministry of Devolution and Planning  aNairobi : Government Printer, 2013  axvii153 p.  a_County Vision and mission  a^d20140317 04:04:48^omwanik c14798d14798